000 00295nam a2200133Ia 4500
008 191201s2019 xx 000 0 und d
100 _aPRAKASH, B A
245 0 _aIndian Economy Since 1991
250 _aIMP
260 _aN. Delhi
_bPearson
300 _a691
650 _aMBA
942 _2ddc
_cBK
999 _c5377
_d5377